Riconosci la Squadra di calcio - Quiz n°316 - Statistics

Statistiche generali
  • Questo quiz è stato fatto 5 volte
  • Il punteggio medio è 5 su 10
Statistiche sulle risposte
Indizio Risposta % Corretto
Colori sociali Bianco, verde
100%
Titoli nazionali 29 Campionati ciprioti
75%
Simboli Trifoglio
75%
Confederazione UEFA
50%
Trofei internazionali 0
25%
Trofei nazionali 16 Coppe di Cipro 17 Supercoppe di Cipro
25%
Fondazione 1948
25%
Capienza Stadio 23 404 posti
25%
Squadra Omonia Nicosia
25%
Divisione nazionale 2023-2024 Prima
25%
Nessun quiz corrispondente trovato
Distribuzione punteggi
Percentuale di utenti per punteggio
Percentile per numero di risposta
I tuoi punteggi nel tempo
Non hai fatto questo quiz